[Event "IECC TH-M-2520"]
[Site "IECC email"]
[Date "2005.02.02"]
[Round "?"]
[White "Bilsel, Sabahaddin"]
[Black "Stein, Rick"]
[Result "1-0"]
[WhiteElo "2087"]
[BlackElo "1964"]
[PlyCount "49"]
[EventDate "2005.??.??"]
[EventType "match (corr)"]
[EventRounds "2"]
[SourceTitle "Corr 2020"]
[Source "ChessBase"]
[SourceDate "2019.09.30"]
[SourceVersion "1"]
[SourceVersionDate "2019.09.30"]
[SourceQuality "1"]
[WhiteTeam "Turkey"]
[BlackTeam "United States"]
[WhiteTeamCountry "TUR"]
[BlackTeamCountry "USA"]

1. e4 e6 2. d4 d5 3. e5 c5 4. c3 Nc6 5. Nf3 Qb6 6. a3 c4 7. Nbd2 f6 8. Be2 Qc7 9. 0-0 Bd7 10. Re1 Nge7 11. exf6 gxf6 12. b3 cxb3 13. Nxb3 e5 14. dxe5 fxe5 15. Nc5 Bg4 16. Ng5 Bxe2 17. Qxe2 Ng6 18. Nce6 Qd7 19. Qh5 Rc8 20. f4 Nce7 21. Rxe5 Qc6 22. Re2 h6 23. Nf3 Qb6+ 24. Kh1 Rc6 25. Nfd4 1-0

[Event "IECC M email"]
[Site "IECC email"]
[Date "2002.10.09"]
[Round "?"]
[White "Angus, George"]
[Black "Stein, Rick"]
[Result "0-1"]
[WhiteElo "2032"]
[BlackElo "1974"]
[PlyCount "72"]
[EventDate "2002.??.??"]
[EventType "tourn (corr)"]
[EventRounds "6"]
[SourceTitle "Corr 2008"]
[Source "ChessBase"]
[SourceDate "2008.06.24"]
[SourceVersion "1"]
[SourceVersionDate "2008.06.24"]
[SourceQuality "1"]

1. e4 c6 2. d4 d5 3. e5 Bf5 4. Bd3 Bxd3 5. Qxd3 e6 6. Nc3 Qb6 7. Nge2 Qa6 8. Qh3 Ne7 9. 0-0 Nd7 10. Be3 Nf5 11. Ng3 Nxe3 12. fxe3 Bb4 13. Qg4 0-0 14. Nd1 Ba5 15. Nh5 g6 16. Nf6+ Nxf6 17. exf6 h5 18. Qg5 Kh7 19. Rf2 Rh8 20. Qf4 Rae8 21. Qd6 e5 22. dxe5 Re6 23. Qd7 Rf8 24. Rf3 Bb6 25. b3 Kg8 26. Rg3 Qe2 27. Rxg6+ Kh7 28. Rg7+ Kh6 29. h3 Bxe3+ 30. Nxe3 Qxe3+ 31. Kh1 Qxe5 32. Rf1 Rxf6 33. Rxf6+ Qxf6 34. Rg3 Qa1+ 35. Kh2 Qe5 36. Qxb7 h4 0-1

[Event "IECC M email"]
[Site "IECC email"]
[Date "2002.10.09"]
[Round "?"]
[White "Stein, Rick"]
[Black "Angus, George"]
[Result "1/2-1/2"]
[WhiteElo "1993"]
[BlackElo "2013"]
[PlyCount "78"]
[EventDate "2002.??.??"]
[EventType "tourn (corr)"]
[EventRounds "6"]
[SourceTitle "Corr 2008"]
[Source "ChessBase"]
[SourceDate "2008.06.24"]
[SourceVersion "1"]
[SourceVersionDate "2008.06.24"]
[SourceQuality "1"]

1. d4 d5 2. Nf3 c5 3. dxc5 Qa5+ 4. Bd2 Qxc5 5. e3 Nf6 6. Bd3 g6 7. b4 Qb6 8. 0-0 Bg7 9. Nc3 Qxb4 10. Nxd5 Qc5 11. Nxf6+ Bxf6 12. Rb1 0-0 13. e4 Qc7 14. e5 Bxe5 15. Nxe5 Qxe5 16. Re1 Qc7 17. Qf3 Rd8 18. Bf4 Qc5 19. Be3 Qd6 20. Rbd1 Nc6 21. Be4 Qc7 22. Bf4 Rxd1 23. Rxd1 Qb6 24. c3 Be6 25. a4 Qb3 26. a5 Nxa5 27. Bc7 Nc6 28. Rb1 Qc4 29. Ra1 Rc8 30. Bxc6 Rxc7 31. Bxb7 Qxc3 32. Qxc3 Rxc3 33. f4 Kg7 34. Bf3 Rc7 35. Kf1 Kf6 36. Ke1 h5 37. Kd2 Bc4 38. Ke3 Bb5 39. Ra5 a6 1/2-1/2

[Event "IECC TH-T email"]
[Site "IECC email"]
[Date "2001.12.22"]
[Round "?"]
[White "Nagley, Tim"]
[Black "Stein, Rick"]
[Result "1-0"]
[WhiteElo "2051"]
[BlackElo "1988"]
[PlyCount "51"]
[EventDate "2001.??.??"]
[EventType "match (corr)"]
[EventRounds "2"]
[SourceTitle "Corr 2008"]
[Source "ChessBase"]
[SourceDate "2008.06.24"]
[SourceVersion "1"]
[SourceVersionDate "2008.06.24"]
[SourceQuality "1"]

1. e4 e6 2. d4 d5 3. Nd2 Nf6 4. e5 Ne4 5. Bd3 Nxd2 6. Bxd2 c5 7. dxc5 Nc6 8. Nf3 Bxc5 9. 0-0 Qc7 10. Bf4 f6 11. Bg3 Qb6 12. exf6 gxf6 13. Nd2 Qxb2 14. Qh5+ Kd8 15. Rab1 Qa3 16. Rfd1 Be7 17. Ne4 a6 18. Bc4 d4 19. c3 h6 20. cxd4 Na5 21. Be2 Bd7 22. d5 Kc8 23. dxe6 Be8 24. Qg4 Nc6 25. Qg7 b5 26. Nd6+ 1-0

[Event "IECC M email"]
[Site "IECC email"]
[Date "2001.03.27"]
[Round "?"]
[White "Weiner, Ken"]
[Black "Stein, Rick"]
[Result "0-1"]
[WhiteElo "1693"]
[BlackElo "1971"]
[PlyCount "134"]
[EventDate "2001.??.??"]
[EventType "tourn (corr)"]
[EventRounds "6"]
[SourceTitle "Corr 2008"]
[Source "ChessBase"]
[SourceDate "2008.06.24"]
[SourceVersion "1"]
[SourceVersionDate "2008.06.24"]
[SourceQuality "1"]

1. e4 d6 2. d4 Nf6 3. Nc3 g6 4. Nf3 Bg7 5. Be2 0-0 6. 0-0 c6 7. a4 Qc7 8. h3 Nbd7 9. Be3 b6 10. Qd2 Bb7 11. Rfe1 e5 12. dxe5 dxe5 13. Bh6 a6 14. Bxg7 Kxg7 15. Rad1 b5 16. Qd6 Qxd6 17. Rxd6 b4 18. Na2 a5 19. c3 Nc5 20. Nxe5 Rfe8 21. f4 Nfxe4 22. Rd4 Ng3 23. Bd1 Nf5 24. Rc4 Nd7 25. cxb4 c5 26. Rc1 axb4 27. Bb3 Nxe5 28. fxe5 Nd4 29. Bd1 Bd5 30. Ra1 Nc6 31. Nc1 c4 32. Na2 Ra7 33. Re3 Kf8 34. Kf2 h6 35. g3 h5 36. g4 hxg4 37. hxg4 Re6 38. g5 Rae7 39. Nc1 Rxe5 40. Rxe5 Rxe5 41. a5 Rxg5 42. Ne2 Ne5 43. Nf4 Rf5 44. Ke3 Ba8 45. Be2 g5 46. Nh5 Nc6 47. Bf3 Re5+ 48. Kf2 c3 49. bxc3 bxc3 50. Ng3 c2 51. Ne2 g4 52. Bxc6 Bxc6 53. a6 f5 54. a7 Ba8 55. Rc1 Ra5 56. Rxc2 Rxa7 57. Rc5 Be4 58. Ng3 Ra2+ 59. Ke1 Kf7 60. Nxf5 Kf6 61. Ng3 Bf3 62. Rb5 Rh2 63. Rf5+ Ke6 64. Rb5 Kf7 65. Rb6 Bd5 66. Rb5 Bc6 67. Rb6 Bf3 0-1

[Event "IECC CL2-2000.32"]
[Site "IECC email"]
[Date "2000.09.14"]
[Round "?"]
[White "Drozd, Krzysztof"]
[Black "Stein, Rick"]
[Result "0-1"]
[WhiteElo "2012"]
[BlackElo "1920"]
[PlyCount "82"]
[EventDate "2000.??.??"]
[EventType "tourn (corr)"]
[EventRounds "4"]
[SourceTitle "Corr 2008"]
[Source "ChessBase"]
[SourceDate "2008.06.24"]
[SourceVersion "1"]
[SourceVersionDate "2008.06.24"]
[SourceQuality "1"]

1. c4 e5 2. Nc3 Nf6 3. Nf3 Nc6 4. g3 Bb4 5. Nd5 e4 6. Nh4 Bc5 7. Bg2 0-0 8. 0-0 d6 9. Nxf6+ Qxf6 10. Bxe4 Bh3 11. Ng2 Rae8 12. d3 Bg4 13. Nf4 a6 14. a3 Qh6 15. h4 Qf6 16. Rb1 Nd4 17. b4 Bb6 18. Bb2 c6 19. Qd2 Qe7 20. Bxd4 Bxd4 21. b5 axb5 22. cxb5 d5 23. Bg2 Be5 24. e4 Bxf4 25. Qxf4 Be2 26. Rfc1 Bxd3 27. Rb3 Bc4 28. Rbc3 Rd8 29. exd5 cxd5 30. b6 Rd6 31. Qd4 Rfd8 32. Rd1 Qe8 33. Re3 Qb5 34. Re7 Rxb6 35. Rde1 h6 36. a4 Qc6 37. Be4 Rf8 38. Bc2 Qd6 39. Qg4 Rb2 40. R1e6 Qb4 41. Bg6 Rxf2 0-1

[Event "IECC CL2-2000.32"]
[Site "IECC email"]
[Date "2000.09.14"]
[Round "?"]
[White "Perz, Martial"]
[Black "Stein, Rick"]
[Result "1/2-1/2"]
[WhiteElo "1986"]
[BlackElo "1953"]
[PlyCount "93"]
[EventDate "2000.??.??"]
[EventType "tourn (corr)"]
[EventRounds "4"]
[SourceTitle "Corr 2008"]
[Source "ChessBase"]
[SourceDate "2008.06.24"]
[SourceVersion "1"]
[SourceVersionDate "2008.06.24"]
[SourceQuality "1"]

1. e4 d6 2. d4 Nf6 3. Nc3 g6 4. f4 Bg7 5. Nf3 c5 6. e5 Nfd7 7. Bc4 cxd4 8. Ng5 0-0 9. Qxd4 dxe5 10. Bxf7+ Rxf7 11. Qc4 e6 12. Qxe6 Qe7 13. Qxf7+ Qxf7 14. Nxf7 Kxf7 15. 0-0 Nc6 16. Ne4 Kg8 17. c3 b6 18. Rd1 Nf8 19. Be3 Ne6 20. g3 exf4 21. gxf4 Bh6 22. Ng5 Nxg5 23. fxg5 Bf8 24. Bf4 Bg4 25. Rd2 Re8 26. Kf2 Bf5 27. Rad1 Bc5+ 28. Kg3 Kg7 29. Rf1 a5 30. b3 Re4 31. Rd5 Re2 32. Rd2 Rxd2 33. Bxd2 Ne5 34. h4 Nd3 35. c4 Bd4 36. Kf3 Ne5+ 37. Kf4 Bh3 38. Rb1 Nd3+ 39. Kf3 Be5 40. Be3 Bc7 41. Bd4+ Kf7 42. Rd1 Bf5 43. Rd2 Ne5+ 44. Bxe5 Bxe5 45. Rd5 Bc7 46. Rd1 Ke7 47. Re1+ 1/2-1/2

[Event "IECC TH-T email"]
[Site "IECC email"]
[Date "2000.09.03"]
[Round "?"]
[White "Bilsel, Sabahaddin"]
[Black "Stein, Rick"]
[Result "1-0"]
[WhiteElo "1969"]
[BlackElo "1967"]
[PlyCount "91"]
[EventDate "2000.??.??"]
[EventType "match (corr)"]
[EventRounds "2"]
[SourceTitle "Corr 2008"]
[Source "ChessBase"]
[SourceDate "2008.06.24"]
[SourceVersion "1"]
[SourceVersionDate "2008.06.24"]
[SourceQuality "1"]

1. d4 d5 2. c4 dxc4 3. e4 e5 4. Nf3 Bb4+ 5. Bd2 Bxd2+ 6. Nbxd2 exd4 7. Bxc4 Nc6 8. 0-0 Qf6 9. e5 Qg6 10. Bb5 Bg4 11. Bxc6+ Qxc6 12. Rc1 Qd7 13. Nb3 Rd8 14. Rc4 d3 15. Rd4 Qf5 16. Rxd8+ Kxd8 17. Nbd4 Qd7 18. Qxd3 c5 19. e6 fxe6 20. Qa3 Qd5 21. Rc1 Bxf3 22. Nxf3 Ne7 23. Qxa7 Kd7 24. Qa4+ Kc7 25. Rd1 Ra8 26. Qf4+ e5 27. Qc1 Qe6 28. Qxc5+ Nc6 29. a3 Ra5 30. Qf8 Qg6 31. h3 Qf6 32. Qe8 Kb6 33. Rd7 Rc5 34. Rf7 Qd6 35. g4 Nd4 36. Nxd4 exd4 37. Rxg7 Rc1+ 38. Kg2 Rc7 39. Rxc7 Kxc7 40. Qf7+ Kb8 41. Kf1 d3 42. Qe8+ Kc7 43. Qe4 Qd7 44. Ke1 Kb8 45. f4 Qc7 46. Qe5 1-0

[Event "IECC M email"]
[Site "IECC email"]
[Date "2000.05.26"]
[Round "?"]
[White "Weiner, Ken"]
[Black "Stein, Rick"]
[Result "0-1"]
[WhiteElo "1712"]
[BlackElo "1893"]
[PlyCount "102"]
[EventDate "2000.??.??"]
[EventType "tourn (corr)"]
[EventRounds "2"]
[SourceTitle "Corr 2008"]
[Source "ChessBase"]
[SourceDate "2008.06.24"]
[SourceVersion "1"]
[SourceVersionDate "2008.06.24"]
[SourceQuality "1"]

1. e4 c6 2. d4 d5 3. exd5 cxd5 4. c4 Nf6 5. Nc3 g6 6. cxd5 Nxd5 7. Bc4 Nb6 8. Bb3 Bg7 9. Be3 Nc6 10. d5 Na5 11. Bd4 e5 12. Bc5 Nxb3 13. Qxb3 Bf5 14. Bxb6 Qxb6 15. Qxb6 axb6 16. Nge2 Bd3 17. Kd2 e4 18. Nf4 Bh6 19. Ke3 Kd7 20. h4 f5 21. h5 b5 22. a3 Rac8 23. Rh2 b4 24. axb4 Rc4 25. Rah1 Bxf4+ 26. Kxf4 g5+ 27. Kxg5 Rxb4 28. Nd1 Rf8 29. g3 Kd6 30. Ne3 Rxb2 31. Ra1 Re2 32. Ra7 Ba6 33. Kh6 f4 34. gxf4 Rxf4 35. Ra8 Rexf2 36. Rxf2 Rxf2 37. Re8 Kc5 38. Rxe4 Bd3 39. Re7 b5 40. Rc7+ Kd4 41. Ng4 Ra2 42. Kg5 Ra6 43. Rc6 b4 44. Nf2 Ra5 45. Nxd3 Rxd5+ 46. Kh6 Kxd3 47. Rc7 Rb5 48. Rxh7 b3 49. Rd7+ Ke2 50. Re7+ Kd2 51. Rd7+ Ke1 0-1

[Event "IECC Swiss email"]
[Site "IECC email"]
[Date "2000.05.15"]
[Round "?"]
[White "Cassimon, Marc"]
[Black "Stein, Rick"]
[Result "0-1"]
[WhiteElo "1451"]
[BlackElo "1910"]
[PlyCount "40"]
[EventDate "2000.??.??"]
[EventType "tourn (corr)"]
[EventRounds "6"]
[SourceTitle "Corr 2008"]
[Source "ChessBase"]
[SourceDate "2008.06.24"]
[SourceVersion "1"]
[SourceVersionDate "2008.06.24"]
[SourceQuality "1"]

1. c4 e5 2. Nc3 Nf6 3. Nf3 Nc6 4. g3 Bb4 5. Bg2 0-0 6. 0-0 e4 7. Ng5 Bxc3 8. bxc3 Re8 9. Qc2 d5 10. cxd5 Qxd5 11. d3 Bf5 12. c4 Qd4 13. Bb2 exd3 14. Bxd4 dxc2 15. Bxc6 bxc6 16. Bxf6 gxf6 17. Nf3 Re4 18. Rfc1 Rxc4 19. a3 Rb8 20. Ra2 Rb1 0-1

[Event "IECC Swiss email"]
[Site "IECC email"]
[Date "2000.01.11"]
[Round "?"]
[White "Newman, Nelson"]
[Black "Stein, Rick"]
[Result "1-0"]
[WhiteElo "2071"]
[BlackElo "1918"]
[PlyCount "59"]
[EventDate "2000.??.??"]
[EventType "tourn (corr)"]
[EventRounds "6"]
[SourceTitle "Corr 2008"]
[Source "ChessBase"]
[SourceDate "2008.06.24"]
[SourceVersion "1"]
[SourceVersionDate "2008.06.24"]
[SourceQuality "1"]

1. c4 Nf6 2. d4 c6 3. Nc3 d5 4. Nf3 dxc4 5. a4 Bf5 6. e3 e6 7. Bxc4 Bb4 8. 0-0 0-0 9. Nh4 Bg4 10. f3 Nd5 11. fxg4 Qxh4 12. e4 Nxc3 13. bxc3 Bxc3 14. Ra3 Bb4 15. Rh3 Qd8 16. Qd3 c5 17. d5 e5 18. d6 Nc6 19. Qd5 Qd7 20. Rhf3 Nd8 21. Qxe5 Qe8 22. Qe7 a6 23. e5 Kh8 24. e6 f6 25. g5 Nc6 26. Qxe8 Rfxe8 27. gxf6 gxf6 28. e7 Nxe7 29. Bb2 Ng8 30. Rxf6 1-0

[Event "IECC CL3-2000.07"]
[Site "IECC email"]
[Date "1999.12.12"]
[Round "?"]
[White "Barks, James Leonard"]
[Black "Stein, Rick"]
[Result "0-1"]
[WhiteElo "1849"]
[BlackElo "1930"]
[PlyCount "56"]
[EventDate "2000.??.??"]
[EventType "tourn (corr)"]
[EventRounds "4"]
[SourceTitle "Corr 2008"]
[Source "ChessBase"]
[SourceDate "2008.06.24"]
[SourceVersion "1"]
[SourceVersionDate "2008.06.24"]
[SourceQuality "1"]

1. d4 Nf6 2. Nf3 d5 3. e3 e6 4. Bd3 c5 5. c3 Nc6 6. Nbd2 Bd6 7. 0-0 0-0 8. dxc5 Bxc5 9. e4 Bb6 10. Qe2 Qc7 11. e5 Ng4 12. Bxh7+ Kxh7 13. Ng5+ Kg8 14. Qxg4 Qxe5 15. Nb3 Qf6 16. Qg3 e5 17. Be3 Bf5 18. Nf3 Bc2 19. Bxb6 axb6 20. Rfc1 Bf5 21. Re1 Rfe8 22. a3 Bc2 23. Nbd2 e4 24. Nh4 Bd3 25. Nb3 g5 26. f4 Qxf4 27. Qxf4 gxf4 28. Nf5 Re5 0-1

[Event "IECC M email"]
[Site "IECC email"]
[Date "1999.11.21"]
[Round "?"]
[White "Stein, Rick"]
[Black "Weiner, Ken"]
[Result "1-0"]
[WhiteElo "1941"]
[BlackElo "1640"]
[PlyCount "149"]
[EventDate "1999.??.??"]
[EventType "tourn (corr)"]
[EventRounds "6"]
[SourceTitle "Corr 2008"]
[Source "ChessBase"]
[SourceDate "2008.06.24"]
[SourceVersion "1"]
[SourceVersionDate "2008.06.24"]
[SourceQuality "1"]

1. e4 c5 2. Nf3 d6 3. d4 cxd4 4. Nxd4 Nf6 5. Nc3 a6 6. Bg5 e6 7. f4 Nc6 8. e5 h6 9. Nxc6 bxc6 10. Bh4 g5 11. fxg5 Nd5 12. Qh5 Nxc3 13. bxc3 Qa5 14. Qf3 Qxe5+ 15. Be2 Bd7 16. 0-0 hxg5 17. Qxf7+ Kd8 18. Bg3 Qxc3 19. Rab1 Be7 20. Rb7 Rf8 21. Qh7 Rxf1+ 22. Bxf1 Qf6 23. Qd3 d5 24. Qe3 c5 25. Be5 Qf5 26. Bd3 Qg4 27. Qd2 Qa4 28. c4 d4 29. Bc2 Qa3 30. Bc7+ Kc8 31. Be4 Qc3 32. Qxc3 dxc3 33. Be5 c2 34. Rc7+ Kd8 35. Bxc2 a5 36. Rb7 Ra6 37. Rb8+ Bc8 38. Rb3 a4 39. Rh3 Bb7 40. Bg6 Kc8 41. Rh8+ Bd8 42. Rg8 Rb6 43. Bf6 Rd6 44. Bc2 Rd2 45. Bxa4 Rxg2+ 46. Kf1 Rd2 47. Ke1 Rd6 48. Bxg5 Bf3 49. Rf8 Bh5 50. a3 Rd4 51. Bf6 Rd6 52. Be7 Rd4 53. Bb5 Kc7 54. Bxc5 Bh4+ 55. Kf1 Rd2 56. Rh8 Be2+ 57. Kg1 Bf6 58. Rh7+ Kc8 59. Be3 Bd4 60. Bxd4 Rxd4 61. Rh3 Kb7 62. Rc3 Kb6 63. a4 Kc5 64. Re3 Rd1+ 65. Kf2 Bg4 66. a5 Rh1 67. Re5+ Kb4 68. a6 Bf5 69. Kg3 Rg1+ 70. Kf4 Rf1+ 71. Kg5 Rg1+ 72. Kf6 Rg6+ 73. Ke7 Rh6 74. Kd6 Rxh2 75. Kc7 1-0

[Event "IECC Y2KO email"]
[Site "IECC email"]
[Date "1999.10.14"]
[Round "?"]
[White "Williams, Derek"]
[Black "Stein, Rick"]
[Result "0-1"]
[WhiteElo "1385"]
[BlackElo "1938"]
[PlyCount "38"]
[EventDate "1999.??.??"]
[EventType "tourn (corr)"]
[EventRounds "2"]
[SourceTitle "Corr 2008"]
[Source "ChessBase"]
[SourceDate "2008.06.24"]
[SourceVersion "1"]
[SourceVersionDate "2008.06.24"]
[SourceQuality "1"]

1. d4 Nf6 2. c4 e6 3. Bg5 c5 4. Nf3 cxd4 5. Nxd4 Bc5 6. Bh4 Nc6 7. Nb3 Bb4+ 8. N1d2 d5 9. e3 0-0 10. cxd5 exd5 11. Rc1 Re8 12. Bb5 Qb6 13. Bxc6 Bg4 14. f3 Rxe3+ 15. Kf1 Bf5 16. Ba4 Bd3+ 17. Kf2 Re2+ 18. Kf1 Re1+ 19. Kxe1 Qe3+ 0-1

[Event "IECC Swiss email"]
[Site "IECC email"]
[Date "1999.09.27"]
[Round "?"]
[White "Stein, Rick"]
[Black "Fuller, Robert A"]
[Result "0-1"]
[WhiteElo "1946"]
[BlackElo "1789"]
[PlyCount "76"]
[EventDate "1999.??.??"]
[EventType "tourn (corr)"]
[EventRounds "6"]
[SourceTitle "Corr 2008"]
[Source "ChessBase"]
[SourceDate "2008.06.24"]
[SourceVersion "1"]
[SourceVersionDate "2008.06.24"]
[SourceQuality "1"]

1. d4 Nf6 2. c4 g6 3. Nc3 d5 4. Nf3 Bg7 5. Qb3 dxc4 6. Qxc4 0-0 7. e4 Na6 8. Be2 c5 9. d5 e6 10. 0-0 exd5 11. exd5 Bf5 12. Be3 Re8 13. Rad1 Qb6 14. Na4 Qb4 15. d6 Qxc4 16. Bxc4 Bc2 17. b3 Bxd1 18. Rxd1 Nd7 19. Ng5 Rf8 20. Ne4 Rac8 21. Bxa6 bxa6 22. Nexc5 Nxc5 23. Nxc5 Rfd8 24. d7 Rc7 25. b4 Be5 26. g3 f6 27. Rd5 Kf7 28. a4 a5 29. b5 Rxc5 30. Bxc5 Ke6 31. Rd2 Bb8 32. Re2+ Kd5 33. Be7 Rxd7 34. Bxf6 Kc4 35. Kg2 Kb3 36. Re4 Bc7 37. Bg5 Bb6 38. Rd4 Rxd4 0-1

[Event "IECC P email"]
[Site "IECC email"]
[Date "1999.08.18"]
[Round "?"]
[White "Humphrey, Bruce M"]
[Black "Stein, Rick"]
[Result "0-1"]
[WhiteElo "1787"]
[BlackElo "1909"]
[PlyCount "99"]
[EventDate "1999.??.??"]
[EventType "tourn (corr)"]
[EventRounds "6"]
[SourceTitle "Corr 2008"]
[Source "ChessBase"]
[SourceDate "2008.06.24"]
[SourceVersion "1"]
[SourceVersionDate "2008.06.24"]
[SourceQuality "1"]

1. d4 d5 2. c4 c6 3. Nf3 Nf6 4. Nc3 dxc4 5. a4 Bf5 6. e3 e6 7. Bxc4 Bb4 8. 0-0 0-0 9. Qe2 Nbd7 10. e4 Bg6 11. Bd3 c5 12. e5 cxd4 13. exf6 dxc3 14. Bxg6 hxg6 15. fxg7 Kxg7 16. Rd1 Qc7 17. Rd4 Bc5 18. Rc4 Nb6 19. Rxc3 Nd5 20. Rc4 Rac8 21. b3 Qb6 22. Bb2+ f6 23. Nd2 e5 24. Qf3 Rcd8 25. Ne4 Be7 26. Rac1 Nf4 27. Rc7 Rf7 28. R7c3 Qa6 29. Ng3 Nd3 30. Rxd3 Qxd3 31. Qxd3 Rxd3 32. Rc3 Rd2 33. Bc1 Rd1+ 34. Nf1 Bb4 35. Rc4 a5 36. f3 Rd3 37. Ne3 Rxb3 38. Rc2 Rb1 39. Kf2 Ra1 40. Nd5 Rxa4 41. Nxb4 Rxb4 42. Bd2 Ra4 43. Ke2 b5 44. Rb2 b4 45. h4 Rb7 46. Bc3 Ra1 47. g3 Kg8 48. Be1 b3 49. Bc3 Rh1 50. Ke3 0-1

[Event "IECC KO email"]
[Site "IECC email"]
[Date "1999.04.26"]
[Round "?"]
[White "Lacey, Edward"]
[Black "Stein, Rick"]
[Result "1-0"]
[WhiteElo "1800"]
[BlackElo "1945"]
[PlyCount "183"]
[EventDate "1999.??.??"]
[EventType "tourn (corr)"]
[EventRounds "6"]
[SourceTitle "Corr 2008"]
[Source "ChessBase"]
[SourceDate "2008.06.24"]
[SourceVersion "1"]
[SourceVersionDate "2008.06.24"]
[SourceQuality "1"]

1. e4 c5 2. Nf3 Nc6 3. d4 cxd4 4. Nxd4 e5 5. Nb5 a6 6. Nd6+ Bxd6 7. Qxd6 Qf6 8. Qd1 Qg6 9. Nc3 d5 10. Nxd5 Qxe4+ 11. Be3 Nd4 12. Nc7+ Ke7 13. Rc1 Bg4 14. Qd3 Qxd3 15. Bxd3 Rd8 16. h3 Bh5 17. Be4 Nf6 18. Bg5 Kd6 19. Bxf6 gxf6 20. Nd5 f5 21. Nf6 fxe4 22. Nxh5 Ke6 23. c3 Nb5 24. Ke2 f5 25. g4 Nd6 26. gxf5+ Nxf5 27. Rhg1 Rd7 28. Rg4 Nd6 29. Ng3 h5 30. Rh4 Rg7 31. Rd1 Rxg3 32. Rxd6+ Kxd6 33. fxg3 Rg8 34. g4 hxg4 35. Rxg4 Rh8 36. h4 Kd5 37. Ke3 a5 38. b3 b6 39. c4+ Kd6 40. Kxe4 Rh5 41. a3 Kc5 42. Ke3 Rh6 43. Kd3 Rh7 44. Kc3 Rh6 45. b4+ Kd6 46. bxa5 bxa5 47. Kb3 Kc5 48. Rg5 Kd4 49. h5 a4+ 50. Kb4 Rh8 51. Rg7 Rb8+ 52. Kxa4 e4 53. Rg4 Kd3 54. c5 e3 55. h6 e2 56. Rg1 Rg8 57. Ra1 Rf8 58. Rh1 Rh8 59. Kb5 Rxh6 60. Re1 Rh8 61. c6 Rc8 62. Kb6 Rb8+ 63. Ka7 Re8 64. c7 Kd2 65. Rxe2+ Kxe2 66. Kb7 Kd3 67. a4 Kc4 68. a5 Re7 69. a6 Kc5 70. a7 Kd6 71. a8Q Rxc7+ 72. Kb6 Rc4 73. Kb5 Rc5+ 74. Kb4 Rc6 75. Qe8 Kd5 76. Qd7+ Rd6 77. Qf5+ Kc6 78. Qb5+ Kc7 79. Qe8 Rd1 80. Qf7+ Rd7 81. Qf8 Kb6 82. Qc5+ Kb7 83. Kb5 Rc7 84. Qd5+ Kc8 85. Qa8+ Kd7 86. Kb6 Rc8 87. Qb7+ Kd8 88. Qf7 Rc1 89. Qf4 Rc8 90. Qf5 Rb8+ 91. Kc6 Ke7 92. Qe5+ 1-0

[Event "IECC KO email"]
[Site "IECC email"]
[Date "1999.04.26"]
[Round "?"]
[White "Stein, Rick"]
[Black "Lacey, Edward"]
[Result "0-1"]
[WhiteElo "1983"]
[BlackElo "1716"]
[PlyCount "86"]
[EventDate "1999.??.??"]
[EventType "tourn (corr)"]
[EventRounds "6"]
[SourceTitle "Corr 2008"]
[Source "ChessBase"]
[SourceDate "2008.06.24"]
[SourceVersion "1"]
[SourceVersionDate "2008.06.24"]
[SourceQuality "1"]

1. e4 c5 2. Nf3 d6 3. d4 cxd4 4. Nxd4 Nf6 5. Nc3 g6 6. Be2 Bg7 7. Be3 0-0 8. Nb3 Nc6 9. 0-0 Be6 10. f4 Rc8 11. f5 Bd7 12. Qd2 a6 13. g4 Ne8 14. Nd5 Nf6 15. Bb6 Qe8 16. Nc3 Ne5 17. g5 Rxc3 18. gxf6 Rxb3 19. cxb3 Bxf6 20. fxg6 fxg6 21. Qd5+ Qf7 22. Qxb7 Bc6 23. Qxa6 Bxe4 24. Rf4 Bc6 25. Bc4 d5 26. Bf1 d4 27. Bc4 Bd5 28. Bxd5 Qxd5 29. Raf1 Ra8 30. Qe2 Nd7 31. Bc7 Rc8 32. Rxf6 exf6 33. Qe7 d3 34. Bd6 Qd4+ 35. Kh1 Nf8 36. Qb7 Rd8 37. Bxf8 Kxf8 38. Qg2 d2 39. Rd1 Qe3 40. Qg4 Qe1+ 41. Kg2 Re8 42. Qb4+ Kg7 43. Rxd2 Re2+ 0-1

[Event "IECC STA email"]
[Site "IECC email"]
[Date "1999.04.20"]
[Round "?"]
[White "Gould, Michael"]
[Black "Stein, Rick"]
[Result "0-1"]
[WhiteElo "1454"]
[BlackElo "2003"]
[PlyCount "64"]
[EventDate "1999.??.??"]
[EventType "tourn (corr)"]
[EventRounds "6"]
[SourceTitle "Corr 2008"]
[Source "ChessBase"]
[SourceDate "2008.06.24"]
[SourceVersion "1"]
[SourceVersionDate "2008.06.24"]
[SourceQuality "1"]

1. e4 e5 2. f4 exf4 3. Bc4 Nf6 4. Nc3 c6 5. d4 Bb4 6. Qe2 0-0 7. Kf1 d5 8. exd5 cxd5 9. Bb3 Nc6 10. Qd3 Bxc3 11. bxc3 a5 12. Ba4 Ne4 13. Qf3 Re8 14. Ne2 Qh4 15. Qxf4 Bg4 16. Ng3 g5 17. Qe3 Nc5 18. dxc5 Rxe3 19. Bxe3 Be2+ 20. Kxe2 Qxa4 21. Rhd1 f5 22. Bd4 Re8+ 23. Kf1 Qxc2 24. Kg1 f4 25. Rac1 Qxa2 26. Ra1 Qc2 27. Rac1 Qg6 28. Nf1 Nxd4 29. Rxd4 Qc6 30. Nd2 Qxc5 31. Nb3 Qa3 32. Rxd5 Qxb3 0-1